000 00800nam a2200253Ia 4500
003 OSt
005 20220923220703.0
006 a|||||r|||| 00| 0
007 ta
008 220922b |||||||| |||| 00| 0 hin d
024 _a189,159
037 _cTextual
040 _aARTS
_cARTS
_bhin
041 _2hin
_ahin
082 _aO152,2N12,AA, M1
100 _aप्रभाकर, विष्णु
245 0 _aअब और नही
246 _aAb aur nahī
260 _aमेरठ
_b भारतीय साहित्य प्रकाशन
_c1981
300 _a93 पृ.
_ccm.
650 _aहिन्दी साहित्य
_9156264
942 _hO152,2N12,AA, M1
_cTEXL
_2CC
999 _c342012
_d342012